000
00242nam a22000977a 4500
008
140110t xxu||||| |||| 00| 0 eng d
100
_a
Daniel N. Robinson
_9
625
245
_a
An intellectual History of Psychology
300
_a
340
942
_2
ddc
_c
BK
999
_c
16887
_d
16887